Family Album U.S.A: Book 6
Gorde:
| Egile nagusia: | |
|---|---|
| Formatua: | Liburua |
| Hizkuntza: | Undetermined |
| Argitaratua: |
H.
Văn Hoá
1998
|
| Gaiak: | |
| Etiketak: |
Etiketa erantsi
Etiketarik gabe, Izan zaitez lehena erregistro honi etiketa jartzen!
|
| Thư viện lưu trữ: | Trung tâm Học liệu Trường Đại học Cần Thơ |
|---|
| LEADER | 00508nam a2200181Ia 4500 | ||
|---|---|---|---|
| 001 | CTU_53320 | ||
| 008 | 210402s9999 xx 000 0 und d | ||
| 082 | |a 428.24 | ||
| 082 | |b H513/T6 | ||
| 100 | |a Nguyễn Quốc Hùng | ||
| 245 | 0 | |a Family Album U.S.A: Book 6 | |
| 245 | 0 | |c Nguyễn Quốc Hùng | |
| 260 | |a H. | ||
| 260 | |b Văn Hoá | ||
| 260 | |c 1998 | ||
| 650 | |a english language | ||
| 650 | |x textbooks for foreign speakers | ||
| 980 | |a Trung tâm Học liệu Trường Đại học Cần Thơ | ||